|
|
|
|
| LEADER |
00966nam a2200277 a 4500 |
| 001 |
GR-MES70 |
| 008 |
991111s1989 nyu 000 b eng d |
| 020 |
|
|
|a 0745805558
|
| 040 |
|
|
|a GrPaTEI
|b gre
|c GR-PaULI
|
| 245 |
0 |
0 |
|a Principles of fish nutrition.
|
| 260 |
|
|
|a New York :
|b Ellis Horwood,
|c 1989 c1989
|
| 300 |
|
|
|a 383σελ. :
|b εικ.,πιν.
|
| 504 |
|
|
|a Βιβλιογραφία : σελ.317-368
|
| 650 |
|
4 |
|a Ανατομία
|
| 650 |
|
4 |
|a ΒΙΤΑΜΙΝΕΣ
|
| 650 |
|
4 |
|a Διατροφή
|
| 650 |
|
4 |
|a Φυσιολογία
|
| 650 |
|
4 |
|a Ψάρια
|
| 700 |
1 |
|
|a Hemmings, B. D.
|
| 700 |
1 |
|
|a Laird, L. M.
|
| 700 |
1 |
|
|a Steffens, Werner
|
| 710 |
0 |
|
|a Ellis Horwood
|
| 942 |
|
|
|2 ddc
|
| 952 |
|
|
|0 0
|1 0
|2 ddc
|4 0
|6 636_085000000000000_2_STE
|7 0
|9 263337
|a MSLG
|b MSLG
|c BSC
|d 2021-01-17
|e 24
|f 0
|g 0.00
|l 0
|o 636.085 2 STE
|p 2420000003711
|r 2021-01-17 00:00:00
|t 1
|w 2021-01-17
|y BK15
|x 19991111 0 1
|x GrPaTEI
|
| 971 |
|
|
|a .b25711118
|b 15-04-20
|c 13-09-16
|
| 999 |
|
|
|c 151565
|d 151565
|